00809nam a2200241 a 4500008004100000020003200041040002500073041001300098044001100111080001200122100002400134245007300158250001300231260006700244300002800311490001900339500003900358700002700397700002400424958000600448999001700454952009600471951121s1987||||[C 0 slo c c41 Kčs. q(18000 výtl.) aSNKbslocSNKeAACR21 aslohslo axocSK a885.4-31 aLenčo, Ján4aut10aRoky v kine ÚsmevcJán Lenčo ; Svetozár Mydlo, Pavol Blažo a1., vyd. aBratislavabSlovenský spisovateľc1987eBratislavafPravda a571 s., 36,71 AHc20 cm0 aNová próza aIlustr. na front. a predsádkach.1 aMydlo, Svetozár4bkd1 aBlažo, Pavol4bkd aA c11991d11991 001040708Ka10000b10000d2019-11-29g41.00i11295oB 5430r2019-11-29w2019-11-29yKLDO